Synthesis of certain heterocyclic compounds with expected anticancer activity / (Record no. 179560)
[ view plain ]
| 000 -LEADER | |
|---|---|
| fixed length control field | 03931namaa22004451i 4500 |
| 003 - CONTROL NUMBER IDENTIFIER | |
| control field | EG-GICUC |
| 005 - أخر تعامل مع التسجيلة | |
| control field | 20260418224853.0 |
| 008 - FIXED-LENGTH DATA ELEMENTS--GENERAL INFORMATION | |
| fixed length control field | 260418s2025 ua a|||frm||| 000 0 eng d |
| 040 ## - CATALOGING SOURCE | |
| Original cataloguing agency | EG-GICUC |
| Language of cataloging | eng |
| Transcribing agency | EG-GICUC |
| Modifying agency | EG-GICUC |
| Description conventions | rda |
| 041 0# - LANGUAGE CODE | |
| Language code of text/sound track or separate title | eng |
| Language code of summary or abstract | eng |
| -- | ara |
| 049 ## - Acquisition Source | |
| Acquisition Source | Deposit |
| 082 04 - DEWEY DECIMAL CLASSIFICATION NUMBER | |
| Classification number | 616.994061 |
| 092 ## - LOCALLY ASSIGNED DEWEY CALL NUMBER (OCLC) | |
| Classification number | 616.994061 |
| Edition number | 21 |
| 097 ## - Degree | |
| Degree | M.Sc |
| 099 ## - LOCAL FREE-TEXT CALL NUMBER (OCLC) | |
| Local Call Number | Cai01.08.04.M.Sc.2025.No.S |
| 100 0# - MAIN ENTRY--PERSONAL NAME | |
| Authority record control number or standard number | Norhan Kamel Mohamed Hasan, |
| Preparation | preparation. |
| 245 10 - TITLE STATEMENT | |
| Title | Synthesis of certain heterocyclic compounds with expected anticancer activity / |
| Statement of responsibility, etc. | by Norhan Kamel Mohamed Hasan ; Supervision Prof. Dr. Manal Mostafa Hassan Kandeel, Prof. Dr. Zeinab Mohamed Fahmy Abdelbaky Mahmoud, Dr. Eman Adel Shams El-Din El-Khouly. |
| 246 15 - VARYING FORM OF TITLE | |
| Title proper/short title | تخليق بعض المركبات الحلقية الغير متجانسة ذات نشاط متوقع كمضادات للسرطان |
| 264 #0 - PRODUCTION, PUBLICATION, DISTRIBUTION, MANUFACTURE, AND COPYRIGHT NOTICE | |
| Date of production, publication, distribution, manufacture, or copyright notice | 2025. |
| 300 ## - PHYSICAL DESCRIPTION | |
| Extent | 54 pages : |
| Other physical details | illustrations ; |
| Dimensions | 25 cm. + |
| Accompanying material | CD. |
| 336 ## - CONTENT TYPE | |
| Content type term | text |
| Source | rda content |
| 337 ## - MEDIA TYPE | |
| Media type term | Unmediated |
| Source | rdamedia |
| 338 ## - CARRIER TYPE | |
| Carrier type term | volume |
| Source | rdacarrier |
| 502 ## - DISSERTATION NOTE | |
| Dissertation note | Thesis (M.Sc)-Cairo University, 2025. |
| 504 ## - BIBLIOGRAPHY, ETC. NOTE | |
| Bibliography, etc. note | Bibliography: pages 49-50. |
| 520 #3 - SUMMARY, ETC. | |
| Summary, etc. | This thesis comprises three chapters in addition to summaries in both English and <br/>Arabic languages; <br/>The first chapter presents a general introduction which consists of a brief literature <br/>survey of breast cancer, colon cancer and vascular endothelial growth factor receptor-1. <br/>The second chapter is a Review Article with the title “A deep insight into the indole <br/>nucleus: pharmacological action, structure-activity relationship, and eco-friendly synthetic <br/>approaches” <br/>The third chapter is a Research article with the title “Novel 2,6-Bis(indolyl/5-<br/>bromoindolyl) dihydropyridine/pyridine hybrids as potential anti-tumor agents: Design, <br/>one-pot Green synthesis, molecular docking, and cytotoxicity evaluation” |
| 520 #3 - SUMMARY, ETC. | |
| Summary, etc. | تتألف هذه الأطروحة من ثلاثة فصول بالإضافة إلى ملخصات باللغتين الإنجليزية والعربية.<br/>يقدم الفصل الأول مقدمة عامة تتضمن مراجعة موجزة للأدبيات المتعلقة بسرطان الثدي وسرطان القولون ومستقبل عامل نمو بطانة الأوعية الدموية-1.<br/>أما الفصل الثاني فهو مقال استعراضي بعنوان "نظرة معمقة على نواة الإندول: التأثير الدوائي، وعلاقة التركيب بالنشاط، والأساليب التركيبية الصديقة للبيئة".<br/>وأما الفصل الثالث فهو مقال بحثي بعنوان "مركبات هجينة جديدة من 2،6-ثنائي (إندوليل/5-بروموإندوليل) ثنائي هيدروبيريدين/بيريدين كعوامل محتملة مضادة للأورام: التصميم، والتخليق الأخضر في وعاء واحد، والالتحام الجزيئي، وتقييم السمية الخلوية". |
| 530 ## - ADDITIONAL PHYSICAL FORM AVAILABLE NOTE | |
| Issues CD | Issues also as CD. |
| 546 ## - LANGUAGE NOTE | |
| Text Language | Text in English and abstract in Arabic & English. |
| 650 #0 - SUBJECT ADDED ENTRY--TOPICAL TERM | |
| Topical term or geographic name entry element | Antineoplastic agents |
| 650 #0 - SUBJECT ADDED ENTRY--TOPICAL TERM | |
| Topical term or geographic name entry element | مضادات الأورام |
| 653 #1 - INDEX TERM--UNCONTROLLED | |
| Uncontrolled term | New indole derivatives |
| -- | VEGFR-1 inhibition |
| -- | Molecular docking |
| -- | Cell cyclearrest |
| -- | Antitumoractivity |
| -- | توقف دورة الخلية |
| -- | النشاط المضاد للأورام |
| 700 0# - ADDED ENTRY--PERSONAL NAME | |
| Personal name | Manal Mostafa Hassan Kandeel |
| Relator term | thesis advisor. |
| 700 0# - ADDED ENTRY--PERSONAL NAME | |
| Personal name | Zeinab Mohamed Fahmy Abdelbaky Mahmoud |
| Relator term | thesis advisor. |
| 700 0# - ADDED ENTRY--PERSONAL NAME | |
| Personal name | Eman Adel Shams El-Din El-Khouly |
| Relator term | thesis advisor. |
| 900 ## - Thesis Information | |
| Grant date | 01-01-2025 |
| Supervisory body | Manal Mostafa Hassan Kandeel |
| -- | Zeinab Mohamed Fahmy Abdelbaky Mahmoud |
| -- | Eman Adel Shams El-Din El-Khouly |
| Universities | Cairo University |
| Faculties | Faculty of Pharmacy |
| Department | Department of Pharmaceutical Organic Chemistry |
| 905 ## - Cataloger and Reviser Names | |
| Cataloger Name | Shimaa |
| 942 ## - ADDED ENTRY ELEMENTS (KOHA) | |
| Source of classification or shelving scheme | Dewey Decimal Classification |
| Koha item type | Thesis |
| Edition | 21 |
| Suppress in OPAC | No |
| Source of classification or shelving scheme | Home library | Current library | Date acquired | Inventory number | Full call number | Barcode | Date last seen | Effective from | Koha item type |
|---|---|---|---|---|---|---|---|---|---|
| Dewey Decimal Classification | المكتبة المركزبة الجديدة - جامعة القاهرة | قاعة الرسائل الجامعية - الدور الاول | 18.04.2026 | 93808 | Cai01.08.04.M.Sc.2025.No.S | 01010110093808000 | 18.04.2026 | 18.04.2026 | Thesis |